| 000 | 00764cam a2200253 4500 | ||
|---|---|---|---|
| 001 | 7829 | ||
| 003 | BD-RjUL | ||
| 005 | 20211208234501.0 | ||
| 008 | 140116s1961 ii 001 0 eng d | ||
| 035 | _a(BD-RjUL)7873 | ||
| 040 |
_aDLC _cDLC _dDLC _beng |
||
| 041 | 0 | _aengsan | |
| 082 | 0 | 0 |
_a491.2824 _bKAH 1961 |
| 100 | 1 |
_aKāle, M. R. _q(Moreshvar Ramchandra) _924419 |
|
| 245 | 1 | 2 |
_aA higher Sanskrit grammar : _cMoreshwar Ramchandra Kale. _b for the use of schools and colleges / |
| 260 |
_aDelhi : _bMotilal Banarsidass, _cc1961 |
||
| 300 |
_a3, iv, 536, 27, 156 p. ; _c19 cm. |
||
| 350 | _a12.50 | ||
| 500 | _aEnglish or Sanskrit. | ||
| 650 | 0 |
_aSanskrit language _xGrammar. _924420 |
|
| 942 |
_2ddc _cBK |
||
| 999 |
_c7829 _d7829 |
||